000 03735nab a2200253 i 4500
003 BR-BrBNA
005 20250321052337.0
008 250321b2016 bl.qr|pooa||| 00| 0 por |
040 _aBR-BrBNA
_bpor
072 _aF70
072 _aK10
100 _aMaciel, Sebastião
245 _aNephrolepis (Lomariopsidaceae - Polypodiopsida) na Amazônia brasileira
500 _aPublicação on-line; 33 ref.; 1 illus.; Summaries (En, Pt)
520 _a Resumo As espécies de Nephrolepis, segundo especialistas, são consideradas confusas do ponto de vista taxonômico, principalmente quanto aos caracteres morfológicos usados para definir os táxons restritos ao continente americano. No total, o gênero apresenta 19 espécies em regiões tropicais, das quais sete são nativas da América. No Brasil, o gênero está representado por nove espécies. O presente trabalho tem como objetivo o levantamento das espécies do gênero Nephrolepis na Amazônia brasileira e são apresentados chave de identificação, comentários, ilustrações e dados indicando seus ambientes preferenciais. Neste estudo, a ocorrência das espécies foi registrada a partir de coletas nos Estados do Acre, Pará e Mato Grosso. Foram analisados espécimes depositados nos Herbários BHCB, HB, HBRA, HPZ, IAN, INPA, MG, MIRR, R, RB, SP, SPF e UFRR, além de consulta ao herbário virtual NY. Na Amazônia brasileira o gênero está representado por sete espécies: Nephrolepis biserrata, N. brownii, N. cordifolia, N. pectinata, N. pendula, N. rivularis e N. undulata. Elas ocorrem nos diversos ambientes amazônicos e a forma de vida predominante é epífita, seguida pela rupícola e terrícola. Caracteres morfológicos como escamas da base do pecíolo, caule e raque e a forma do indúsio são importantes para a distinção das espécies no gênero. Palavras-chave: samambaias, flora, taxonomia, floresta amazônica. Abstract The species of Nephrolepis, according to experts, are considered confusing taxonomic point of view, especially regarding the morphological characters used to define the taxa restricted to the American continent. In total, the genus has 19 species in tropical regions, of which seven are native to America. In Brazil the genus is represented by nine species. This paper aims a survey of the Nephrolepis in the Brazilian Amazon and identification key, comments, illustrations, and data indicating their preferred environments are presented. In this study, the occurrence of species was surveyed through collecting expeditions in state of Acre, Pará and Mato Grosso. The specimens deposited in the herbaria BHCB, HB, HBRA, HPZ, IAN, INPA, MG, MIRR, R, RB, SP, SPF, UFRR were analyzed and NY through the virtual Herbarium. In the Brazilian Amazon the genus is represented by seven species: Nephrolepis biserrata, N. brownii, N. cordifolia. pectinata, N. pendula, N. rivularis and N. undulata. They occur in several Amazonian environments and the predominant life form is epiphyte, following by rupicolous and terrestrial. Morphological characters like the scales of the petiole base, rhizome and rachis plus the indusia shape are important for distinguishing species in the genus. Key words: ferns, flora, taxonomy, Amazon forest.
650 _aSAMAMBAIA
650 _aFLORA
650 _aTAXONOMIA
650 _aFLORESTA AMAZÔNICA
773 0 _0709
_9349283
_dRio de Janeiro-RJ Jardim Botanico do Rio de Janeiro 1935
_o2025-1802
_tRodriguésia (Brazil)
_x0370-6583; 2175-7860 on-line
_gv. 67(1) p. 077-084; (2016)
_wBR2025000275
856 _uhttps://www.scielo.br/j/rod/a/JsLyMBQY3BqjZCx699bVqcv/?format=pdf&lang=pt
942 _cANA
999 _c330575
_d330575